1316 1165 1829 1554 1962 1195 1480 1378 1278 1385 1081 1493 1824 1784 1894 1419 1745 1862 1886 1317 1325 1796 1127 1040 1661 1334 1394 1835 1228 1661 1897 1332 1664 1216 1610 1396 1046 1740 1365 1578 1205 1768 1739 1817 1220 1089 1557 1760 1615 1770 1510 1159 1357 1730 1680 1750 1219 1484 1120 1926 1778 1458 1436 1554 1195 1275 1490 1261 1333 1570 1299 1898 1837 1477 1682 1298 1418 1793 1975 1904 1671 1875 1613 1008 1128 1961 1899 1947 1239 1692 1827 1380 1746 1098 1520 1891 1181 1352 1902 BCNSPRNW ULIB Ver.6.0+V

เปลี่ยนเป็นภาษาไทย

Change to English
 แสดงรายละเอียดบรรณานุกรม
  กลับหน้าหลัก

Brief Record : Get Marc (ISO 2709) : E-mail record : QR code < ปิดหน้าต่าง
LEADER : 00000nam 2200000uu 4500
001    13399113552
003     ULIB
008    111125s2553||||th 000 0 tha d
020    ^a9786165000550
090    ^aนว.^bม623ร 2553
100 0  ^aมุกเรียง
245 00 ^aร่านดอกรัก/^cมุกเรียง
250    ^aพิมพ์ครั้งที่ 1
260    ^aกรุงเทพฯ :^bพิมพ์คำ,^c2553
300    ^a386 หน้า
945    ^p250^l0^i16999
995    ^aกัณชพร
999    ^aใช้งานได้ทุกระบบ
รายการนี้ยังไม่มีแท็ก
คุณยังไม่ได้ล็อกอิน คุณสามารถมีกิจกรรมร่วมกับเว็บไซต์ได้ แต่ต้องล็อกอินก่อน ::
  ล็อกอิน

รายการสื่อสารสนเทศ

ลำดับที่ ประเภท เลขเรียก/บาร์โค้ด สถานที่ สถานะ
1. นวนิยาย
นวนิยาย
นว. ม623ร 2553  
  Barcode: 16999
ห้องสมุดวิทยาเขตนครสวรรค์
►นวนิยาย:l:Fiction
บนชั้น

รายการใกล้เคียง
    ผู้แต่ง [มุกเรียง]

BibComment


ยังไม่เคยถูกคอมเมนท์

คอมเมนท์ทรัพยากรรายการนี้
  คอมเมนท์: ร่านดอกรัก มุกเร..


 Copyright 2026. Bcnsprnw @Library